'N' Canadian Provinces and Territories Blitz Quiz Stats

 Plays Quiz not verified by Sporcle

Also try: 'L' States Blitz
Challenge
Share
Tweet
Embed
Score 0/5 Timer 01:00
0 Plays Today
% Correct
Newfoundland and Labrador
92.8%
Nova Scotia
91.8%
New Brunswick
90.7%
Northwest Territories
90.7%
Nunavut
88.7%

You're not logged in!

Compare scores with friends on all Sporcle quizzes.
Join for Free
OR
Log In

You Might Also Like...

Show Comments

Extras

Top Quizzes Today


Score Distribution

Your Account Isn't Verified!

In order to create a playlist on Sporcle, you need to verify the email address you used during registration. Go to your Sporcle Settings to finish the process.

Report this User

Report this user for behavior that violates our Community Guidelines.

Details: